| 000 | 00318nam a22001097a 4500 | ||
|---|---|---|---|
| 008 | 230606b xxu||||| |||| 00| 0 eng d | ||
| 082 | _a341.24921 | ||
| 245 |
_aBasic Documents orf The Pan-African Parliament _b"One Africa,One Voice" |
||
| 260 |
_bThe PAP Documentation Unit _cAugust,2006 |
||
| 300 | _a116p | ||
| 942 |
_2ddc _cBK |
||
| 999 |
_c483 _d483 |
||